Normal view
MARC view
Entry Personal Name
001 - CONTROL NUMBER
- control field: 111372
003 - CONTROL NUMBER IDENTIFIER
- control field: OSt
005 - DATE AND TIME OF LATEST TRANSACTION
- control field: 20220918204302.0
008 - FIXED-LENGTH DATA ELEMENTS
- fixed length control field: 220918|| aca||aabn | a|a d
040 ## - CATALOGING SOURCE
- Original cataloging agency: OSt
- Transcribing agency: OSt
100 ## - HEADING--PERSONAL NAME
- Personal name: Flanner J
670 ## - SOURCE DATA FOUND
- Source citation: Work cat.: (OSt)235223: Flanner J, Paris journal 1944-65 ed by William Shawn, 1965
